000 01091nac a22003970a 4500
001 PT51748
003 AR-LpoUNG
005 20210201005510.0
008 201001s1976||||sp |||||||||||||||||spa d
020 _a8471131951
_c$4
040 _aAR-LpoUNG
_bspa
_eaacr
041 _aspa
044 _asp
082 0 _aR920.02 844v2
100 1 _aRauch, Georg von
245 1 0 _aLenin
250 _a1§ ed.
260 _aBilbao :
_bMoretón,
_c1976.
300 _a488 p. :
_bfot.
_a(10
_fVolúmenes)
_3Impreso
490 0 _aGrandes Biografías
505 0 _aContenido: Lenin / G.Von Rauch - María Antonieta / Federico Revilla - Miguel Angel / Federico Revilla
650 4 _aANALISIS HISTORICO
650 4 _aARTE
650 4 _aARTES PLASTICAS
650 4 _aBIOGRAFIAS
650 4 _aCOMUNISMO
650 4 _aIDEOLOGIAS POLITICAS
650 4 _aMARXISMO
650 4 _aMATERIAL DE REFERENCIA
650 4 _aREVOLUCION
651 4 _aDOCUMENTOS TEORICOS O METODOLOGICOS
653 _aLENIN, VLADIMIR ILICH
700 1 _aRevilla, Federico
905 _a51748
942 _cLSALA
999 _c49884
_d49884